Scannen Technik und Praxis
Saved in:
| Main Author: | |
|---|---|
| Format: | Book |
| Language: | German |
| Published: |
Haar bei München
Markt und Technik
1994
|
| Edition: | 1. Aufl. |
| Subjects: | |
| Tags: |
No Tags, Be the first to tag this record!
|
MARC
| LEADER | 00000nam a2200000 4500 | ||
|---|---|---|---|
| 001 | c010331 | ||
| 005 | 20221214075403.8 | ||
| 020 | |a 3-87791-580-9 | ||
| 041 | 0 | |a ger | |
| 044 | |a DE | ||
| 245 | 1 | 0 | |a Scannen |b Technik und Praxis |c Heiner Henninges |
| 250 | |a 1. Aufl. | ||
| 264 | 1 | |a Haar bei München |b Markt und Technik |c 1994 | |
| 300 | |a 184 s. | ||
| 610 | 2 | 0 | |a snímače |
| 610 | 2 | 0 | |a počítače |
| 610 | 2 | 0 | |a zariadenia počítača periférne |
| 610 | 2 | 0 | |a jednotka zobrazovacia |
| 610 | 2 | 0 | |a technika |
| 100 | 1 | |a Henninges, Heiner | |